[Event "Minsk Kupreichik Memorial rapid"]
[Site "Minsk"]
[Date "2019.08.17"]
[Round "10"]
[White "Zhukova, Natalia"]
[Black "Kochetkov, German"]
[Result "1-0"]
[WhiteElo "2333"]
[BlackElo "2277"]
[PlyCount "96"]
[EventDate "2019.08.15"]
[EventType "swiss (rapid)"]
[EventRounds "10"]
[EventCountry "BLR"]
[SourceTitle "CBM 191 Extra"]
[Source "ChessBase"]
[SourceDate "2019.09.30"]
[SourceVersion "1"]
[SourceVersionDate "2019.09.30"]
[SourceQuality "1"]

1. c4 c5 2. Nf3 Nc6 3. d4 cxd4 4. Nxd4 Nf6 5. Nc3 g6 6. e4 Bg7 7. Be3 0-0 8. Be2 d6 9. 0-0 Bd7 10. h3 a6 11. Nb3 a5 12. Nd2 Ne8 13. Rc1 Nd4 14. Nf3 Nxe2+ 15. Qxe2 Bc6 16. Rfd1 f5 17. exf5 Rxf5 18. Nd4 Bxd4 19. Rxd4 Ng7 20. Nd5 e6 21. Nc3 Rf7 22. Rg4 Nf5 23. Rd1 Qf6 24. Bg5 Qg7 25. Bc1 Raf8 26. f3 h5 27. Rg5 Nh4 28. Qxe6 Bxf3 29. Rxd6 Bxg2 30. Rxg2 Nxg2 31. Kxg2 Kh7 32. Be3 Re7 33. Bd4 Rxe6 34. Bxg7 Rxd6 35. Bxf8 Rd2+ 36. Kf3 Rxb2 37. Bd6 Rd2 38. Be5 Rd3+ 39. Kg2 g5 40. Ne4 Kg6 41. Nc5 Rd2+ 42. Kf3 Rc2 43. Nxb7 Rxc4 44. a3 a4 45. Bd6 Rc3+ 46. Kg2 Kf5 47. Bb4 Rc2+ 48. Kf3 h4 1-0

[Event "Minsk Kupreichik Memorial rapid"]
[Site "Minsk"]
[Date "2019.08.15"]
[Round "2"]
[White "Kochetkov, German"]
[Black "Tiviakov, Sergei"]
[Result "0-1"]
[WhiteElo "2277"]
[BlackElo "2611"]
[PlyCount "155"]
[EventDate "2019.08.15"]
[EventType "swiss (rapid)"]
[EventRounds "10"]
[EventCountry "BLR"]
[SourceTitle "CBM 191 Extra"]
[Source "ChessBase"]
[SourceDate "2019.09.30"]
[SourceVersion "1"]
[SourceVersionDate "2019.09.30"]
[SourceQuality "1"]

1. f4 Nf6 2. Nf3 d5 3. g3 g6 4. Bg2 Bg7 5. 0-0 0-0 6. d3 c5 7. Nc3 Nc6 8. e4 dxe4 9. dxe4 Qxd1 10. Rxd1 e5 11. Be3 b6 12. Nd5 Bb7 13. Nxf6+ Bxf6 14. Rd7 Rab8 15. c3 Bg7 16. Rad1 exf4 17. Bxf4 Rbd8 18. R1d6 Ba8 19. Bg5 Rxd7 20. Rxd7 h6 21. Bf4 Re8 22. Nd2 g5 23. Be3 Rd8 24. Rd5 Kf8 25. h4 gxh4 26. gxh4 Rxd5 27. exd5 Ne5 28. Be4 Ke8 29. Kg2 Ng4 30. Kf3 f5 31. Bxf5 Nxe3 32. Kxe3 Bxd5 33. Bg6+ Ke7 34. c4 Bd4+ 35. Kf4 Bc6 36. b3 Kf6 37. Be4 Bd7 38. Nf3 Bb2 39. a4 Bc1+ 40. Kg3 Bf5 41. Bxf5 Kxf5 42. Ng1 Ke4 43. Ne2 Bd2 44. Ng1 Kd3 45. Nf3 Be3 46. Ne5+ Kc3 47. Kf3 Bc1 48. a5 bxa5 49. Nc6 a6 50. Nxa5 Kb4 51. Nb7 Bd2 52. Ke4 Be1 53. h5 a5 54. Kd5 Bf2 55. Kc6 Be3 56. Kb6 Kxb3 57. Nxa5+ Kb4 58. Nc6+ Kxc4 59. Ne5+ Kd4 60. Nc6+ Ke4 61. Kb5 Kf5 62. Kc4 Kg5 63. Kd3 Bg1 64. Ke2 Kxh5 65. Ne5 Bd4 66. Nc4 Kg4 67. Kf1 Kg3 68. Nd6 h5 69. Ne4+ Kf3 70. Nd2+ Ke3 71. Nc4+ Kd3 72. Nb6 Ke4 73. Kg2 Be3 74. Nc4 Bg5 75. Nb6 Kd4 76. Nd7 c4 77. Nf8 c3 78. Ne6+ 0-1

[Event "Minsk Bronstein Memorial op"]
[Site "Minsk"]
[Date "2017.02.18"]
[Round "4"]
[White "Grib, Roman"]
[Black "Kochetkov, German"]
[Result "0-1"]
[WhiteElo "2415"]
[BlackElo "2304"]
[PlyCount "110"]
[EventDate "2017.02.18"]
[EventType "swiss (rapid)"]
[EventRounds "10"]
[EventCountry "BLR"]
[SourceTitle "EXT 2018"]
[Source "ChessBase"]
[SourceDate "2017.10.13"]
[SourceVersion "1"]
[SourceVersionDate "2017.10.13"]
[SourceQuality "1"]

1. e4 e5 2. Nf3 d6 3. d4 exd4 4. Nxd4 Nf6 5. Nc3 Be7 6. g3 d5 7. e5 Ng4 8. e6 Nf6 9. exf7+ Kxf7 10. Bg2 Re8 11. 0-0 c6 12. Bf4 Na6 13. a3 Nc5 14. Re1 Bg4 15. Bf3 Bd7 16. b4 Ne6 17. Be5 Nxd4 18. Qxd4 Bf5 19. Re2 Bd6 20. Bxd6 Qxd6 21. Rxe8 Rxe8 22. Rc1 Qe5 23. Qxe5 Rxe5 24. Ne2 b6 25. Nd4 Bd7 26. Nb3 Ke7 27. c4 dxc4 28. Rxc4 Be6 29. Rc3 Bxb3 30. Rxb3 c5 31. bxc5 Rxc5 32. h4 h5 33. Kg2 g6 34. Be2 Nd7 35. f4 Rc2 36. Kf3 Nc5 37. Re3+ Kf6 38. Bb5 a6 39. Bc6 Ne6 40. Bd5 Nd4+ 41. Ke4 Nf5 42. Rb3 b5 43. Kd3 Rc5 44. Bb7 a5 45. Ba6 Nd6 46. Kd4 Rf5 47. a4 bxa4 48. Rb6 Ke7 49. Bd3 Rf6 50. Rb1 Nf5+ 51. Bxf5 Rxf5 52. Ra1 Rb5 53. Re1+ Kf6 54. Kc4 Rb4+ 55. Kc5 Rb3 0-1

[Event "Orsha"]
[Site "Orsha"]
[Date "2017.01.23"]
[Round "6"]
[White "Petrov, Dmitri"]
[Black "Kochetkov, German"]
[Result "1-0"]
[WhiteElo "2204"]
[BlackElo "2304"]
[PlyCount "91"]
[EventDate "2017.01.20"]
[EventType "tourn"]
[EventRounds "9"]
[EventCountry "BLR"]
[EventCategory "1"]
[SourceTitle "CBM 176 Extra"]
[Source "ChessBase"]
[SourceDate "2017.03.02"]
[SourceVersion "1"]
[SourceVersionDate "2017.03.02"]
[SourceQuality "1"]

1. e4 e5 2. Nf3 d6 3. d4 exd4 4. Nxd4 Nf6 5. Nc3 Be7 6. Bc4 0-0 7. 0-0 a6 8. a4 Nxe4 9. Nxe4 d5 10. Bd3 dxe4 11. Bxe4 Bf6 12. c3 Re8 13. Qf3 Nd7 14. Bxb7 Bxb7 15. Qxb7 Nc5 16. Qf3 Bxd4 17. cxd4 Ne6 18. Be3 Nxd4 19. Bxd4 Qxd4 20. b3 Rab8 21. Rac1 Qb4 22. Rc3 c5 23. h3 g6 24. Rfc1 Re5 25. Rd1 Rbe8 26. Rdd3 Kg7 27. g4 R8e6 28. Rc4 Qe1+ 29. Kg2 g5 30. Rd1 Qa5 31. Rd5 f6 32. Rd7+ Re7 33. Rd6 Rf7 34. Qc6 h5 35. gxh5 Qe1 36. Qf3 Qa1 37. h6+ Kg6 38. h7 Re8 39. Qd3+ Kh6 40. Rxc5 Rxh7 41. Rxg5 Kxg5 42. Qxh7 Re1 43. Rd5+ Re5 44. f4+ Kxf4 45. Qh4+ Ke3 46. Qf2+ 1-0

[Event "Orsha"]
[Site "Orsha"]
[Date "2017.01.22"]
[Round "4"]
[White "Goltseva, Ekaterina"]
[Black "Kochetkov, German"]
[Result "0-1"]
[WhiteElo "2129"]
[BlackElo "2304"]
[PlyCount "78"]
[EventDate "2017.01.20"]
[EventType "tourn"]
[EventRounds "9"]
[EventCountry "BLR"]
[EventCategory "1"]
[SourceTitle "CBM 176 Extra"]
[Source "ChessBase"]
[SourceDate "2017.03.02"]
[SourceVersion "1"]
[SourceVersionDate "2017.03.02"]
[SourceQuality "1"]

1. d4 Nf6 2. c4 c5 3. d5 b5 4. cxb5 a6 5. bxa6 g6 6. Nc3 Bxa6 7. e4 Bxf1 8. Kxf1 d6 9. g3 Nbd7 10. Kg2 Bg7 11. Nf3 0-0 12. a4 Qa5 13. Bd2 Rfc8 14. Qe2 Qa6 15. Nb5 Ne8 16. Bg5 Kf8 17. Rhe1 Nc7 18. e5 Nxd5 19. exd6 e6 20. Red1 Qc6 21. Kg1 Ra6 22. Bf4 Rb6 23. Na7 Nxf4 24. gxf4 Rxb2 25. Qe3 Qb7 26. Nxc8 Rb3 27. Rd3 Rxd3 28. Qxd3 Bxa1 29. Ne7 c4 30. Qd1 Bf6 31. Nd4 Qe4 32. Nec6 Qxf4 33. Ne2 Qg4+ 34. Kf1 Qf3 35. Ncd4 Qh1+ 36. Ng1 Qd5 37. Ngf3 e5 38. Qd2 exd4 39. Qh6+ Kg8 0-1

[Event "Orsha"]
[Site "Orsha"]
[Date "2017.01.21"]
[Round "3"]
[White "Martynyuk, Elizaveta"]
[Black "Kochetkov, German"]
[Result "1-0"]
[WhiteElo "2171"]
[BlackElo "2304"]
[PlyCount "96"]
[EventDate "2017.01.20"]
[EventType "tourn"]
[EventRounds "9"]
[EventCountry "BLR"]
[EventCategory "1"]
[SourceTitle "CBM 176 Extra"]
[Source "ChessBase"]
[SourceDate "2017.03.02"]
[SourceVersion "1"]
[SourceVersionDate "2017.03.02"]
[SourceQuality "1"]

1. e4 e5 2. Nf3 d6 3. d4 exd4 4. Nxd4 Nf6 5. Nc3 Be7 6. Bc4 0-0 7. 0-0 a6 8. a4 Nxe4 9. Nxe4 d5 10. Bd3 dxe4 11. Bxe4 Bf6 12. Be3 Re8 13. Qd3 g6 14. Rad1 Qe7 15. Bd5 c6 16. Bb3 Nd7 17. Rfe1 Ne5 18. Qe4 c5 19. Nf3 Bf5 20. Qf4 c4 21. Bxc4 Bxc2 22. Rc1 Nxf3+ 23. Qxf3 Be4 24. Qe2 h5 25. f3 Bf5 26. Qf2 Qd7 27. b3 Rxe3 28. Rxe3 Bd4 29. Kh1 b5 30. axb5 axb5 31. Bf1 Qa7 32. Rce1 Bxe3 33. Rxe3 b4 34. Bc4 Kf8 35. h3 Qc7 36. g4 hxg4 37. hxg4 Ra1+ 38. Re1 Qe5 39. Rxa1 Qxa1+ 40. Kg2 Bb1 41. Qc5+ Kg7 42. Qxb4 Qb2+ 43. Kh3 Qf6 44. Qb7 g5 45. Qd5 Bg6 46. Kg3 Qf4+ 47. Kg2 Qc7 48. Qd4+ Kh7 1-0

[Event "EU-ch rapid"]
[Site "Minsk"]
[Date "2015.12.19"]
[Round "6"]
[White "Zakhartsov, Vladimir"]
[Black "Kochetkov, German"]
[Result "0-1"]
[WhiteElo "2462"]
[BlackElo "2338"]
[PlyCount "130"]
[EventDate "2015.12.19"]
[EventType "swiss (rapid)"]
[EventRounds "11"]
[EventCountry "BLR"]
[SourceTitle "EXT 2017"]
[Source "ChessBase"]
[SourceDate "2016.10.25"]
[SourceVersion "1"]
[SourceVersionDate "2016.10.25"]
[SourceQuality "1"]

1. e4 e5 2. Nf3 d6 3. d4 exd4 4. Nxd4 Nf6 5. Nc3 Be7 6. Bf4 0-0 7. Qd2 d5 8. Ndb5 Bb4 9. a3 Nxe4 10. Qd3 Bxc3+ 11. bxc3 Na6 12. Be2 c6 13. Nd4 Nac5 14. Qf3 Qa5 15. 0-0 Qxc3 16. Be3 Nd2 17. Bxd2 Qxd2 18. Rfd1 Qg5 19. Rab1 Ne4 20. Rb2 Qf6 21. c4 Qe5 22. Rb3 c5 23. Nc2 d4 24. Bd3 f5 25. Re1 b6 26. Qd1 Qf6 27. f3 Nc3 28. Qd2 Bb7 29. Rb2 Rae8 30. Bf1 Bc6 31. Rxe8 Rxe8 32. Ne1 Qe6 33. Nd3 Qxc4 34. Ne5 Qe6 35. f4 Bd5 36. Rc2 Kh8 37. Rc1 g5 38. Re1 Ne4 39. Qd1 gxf4 40. Nd3 Qh6 41. Qf3 Bc6 42. Nxf4 Rg8 43. Be2 Rg4 44. Rf1 Nd2 45. Qf2 Nxf1 46. Bxg4 Ne3 47. Be2 Qg5 48. h4 Qe7 49. Qg3 Qg7 50. Qf2 Be4 51. g3 Qe5 52. Qh2 Nd5 53. Bc4 Nxf4 54. gxf4 Qg7+ 55. Kf1 d3 56. Qd2 Qd4 57. Be6 Qa1+ 58. Kf2 Qd4+ 59. Kf1 c4 60. Qb4 Qa1+ 61. Kf2 Qf6 62. Bxc4 Qxh4+ 63. Ke3 Qg3+ 64. Kd4 Qf2+ 65. Kc3 Qe1+ 0-1

[Event "EU-ch blitz"]
[Site "Minsk"]
[Date "2015.12.18"]
[Round "10.30"]
[White "Kochetkov, German"]
[Black "Demidov, Mikhail"]
[Result "1/2-1/2"]
[WhiteElo "2338"]
[BlackElo "2485"]
[PlyCount "99"]
[EventDate "2015.12.18"]
[EventType "swiss (blitz)"]
[EventRounds "22"]
[EventCountry "BLR"]
[SourceTitle "EXT 2017"]
[Source "ChessBase"]
[SourceDate "2016.10.25"]
[SourceVersion "1"]
[SourceVersionDate "2016.10.25"]
[SourceQuality "1"]

1. f4 b6 2. e4 Bb7 3. d3 e6 4. Nf3 d5 5. e5 c5 6. c3 Ne7 7. Na3 Nf5 8. Be2 Nc6 9. 0-0 d4 10. Nc2 dxc3 11. bxc3 Be7 12. g4 Nh4 13. Be3 Nxf3+ 14. Bxf3 Qd7 15. Qe2 Rd8 16. Rfd1 0-0 17. Rd2 Qc7 18. Rad1 Rd7 19. Na3 Rfd8 20. Nb5 Qb8 21. a4 Na5 22. Bxb7 Qxb7 23. d4 cxd4 24. Nxd4 Qe4 25. Nf5 Rxd2 26. Nxe7+ Kf8 27. Rxd2 Qb1+ 28. Kf2 Kxe7 29. Rxd8 Kxd8 30. Qd2+ Kc8 31. Qd6 Qc2+ 32. Kf3 Qxa4 33. Qf8+ Kc7 34. Qxf7+ Qd7 35. Qxd7+ Kxd7 36. f5 Nc4 37. Bd4 a5 38. f6 g6 39. Ke4 a4 40. Kd3 b5 41. Kc2 Ke8 42. h4 h6 43. h5 Kf7 44. Kb1 g5 45. Kc2 Ke8 46. Kb1 Kf8 47. Ka2 Kf7 48. Kb1 Ke8 49. Ka2 Kf7 50. Kb1 1/2-1/2

[Event "EU-ch blitz"]
[Site "Minsk"]
[Date "2015.12.18"]
[Round "19.19"]
[White "Kochetkov, German"]
[Black "Popov, Valerij"]
[Result "1-0"]
[WhiteElo "2338"]
[BlackElo "2528"]
[PlyCount "50"]
[EventDate "2015.12.18"]
[EventType "swiss (blitz)"]
[EventRounds "22"]
[EventCountry "BLR"]
[SourceTitle "EXT 2017"]
[Source "ChessBase"]
[SourceDate "2016.10.25"]
[SourceVersion "1"]
[SourceVersionDate "2016.10.25"]
[SourceQuality "1"]

1. f4 c5 2. Nf3 Nc6 3. g3 d6 4. Bg2 e5 5. d3 exf4 6. gxf4 g6 7. 0-0 Bg7 8. e4 Nge7 9. Nc3 0-0 10. f5 gxf5 11. Nh4 fxe4 12. dxe4 f5 13. Bg5 fxe4 14. Nxe4 Rxf1+ 15. Qxf1 Be6 16. Rd1 d5 17. Nf6+ Kh8 18. Nxd5 Bxd5 19. Rxd5 Qe8 20. Rxc5 Bd4+ 21. Kh1 Qf8 22. Rb5 Qxf1+ 23. Bxf1 Rg8 24. Nf3 Bb6 25. Bf6+ Rg7 1-0

[Event "EU-ch blitz"]
[Site "Minsk"]
[Date "2015.12.18"]
[Round "22.22"]
[White "Kochetkov, German"]
[Black "Romanov, Evgeny"]
[Result "0-1"]
[WhiteElo "2338"]
[BlackElo "2590"]
[PlyCount "44"]
[EventDate "2015.12.18"]
[EventType "swiss (blitz)"]
[EventRounds "22"]
[EventCountry "BLR"]
[SourceTitle "EXT 2017"]
[Source "ChessBase"]
[SourceDate "2016.10.25"]
[SourceVersion "1"]
[SourceVersionDate "2016.10.25"]
[SourceQuality "1"]

1. f4 g6 2. Nf3 Bg7 3. g3 d6 4. Bg2 e5 5. d3 exf4 6. gxf4 d5 7. Nc3 d4 8. Ne4 Ne7 9. 0-0 0-0 10. c3 Nbc6 11. cxd4 Nxd4 12. Nxd4 Qxd4+ 13. e3 Qb6 14. d4 Re8 15. Qa4 Be6 16. Nc5 Bd5 17. e4 Bc6 18. Qd1 Rad8 19. Be3 Nf5 20. exf5 Rxe3 21. fxg6 hxg6 22. Bxc6 Bxd4 0-1

[Event "EU-ch blitz"]
[Site "Minsk"]
[Date "2015.12.18"]
[Round "12.40"]
[White "Kovalev, Vladislav"]
[Black "Kochetkov, German"]
[Result "0-1"]
[WhiteElo "2546"]
[BlackElo "2338"]
[PlyCount "28"]
[EventDate "2015.12.18"]
[EventType "swiss (blitz)"]
[EventRounds "22"]
[EventCountry "BLR"]
[SourceTitle "EXT 2017"]
[Source "ChessBase"]
[SourceDate "2016.10.25"]
[SourceVersion "1"]
[SourceVersionDate "2016.10.25"]
[SourceQuality "1"]

1. e4 c5 2. Nc3 d6 3. f4 g6 4. Nf3 Bg7 5. Bc4 Nc6 6. 0-0 e6 7. d4 cxd4 8. Nb5 Nf6 9. e5 Ne4 10. Bd3 a6 11. Nbxd4 Nxd4 12. Nxd4 dxe5 13. Bxe4 Qxd4+ 14. Kh1 Qxe4 0-1

[Event "Minsk Bronstein Memorial op"]
[Site "Minsk"]
[Date "2015.02.14"]
[Round "8"]
[White "Revo, Tatiana"]
[Black "Kochetkov, German"]
[Result "0-1"]
[WhiteElo "1972"]
[BlackElo "2310"]
[PlyCount "56"]
[EventDate "2015.02.14"]
[EventType "swiss (rapid)"]
[EventRounds "10"]
[EventCountry "BLR"]
[SourceTitle "EXT 2017"]
[Source "ChessBase"]
[SourceDate "2016.10.25"]
[SourceVersion "1"]
[SourceVersionDate "2016.10.25"]
[SourceQuality "1"]

1. e4 c5 2. Nf3 Nc6 3. d4 cxd4 4. Nxd4 e5 5. Nb5 d6 6. c4 Be6 7. N1c3 a6 8. Na3 Be7 9. Bd3 Nf6 10. 0-0 0-0 11. Nc2 Rc8 12. Ne3 Nd7 13. Ncd5 Bg5 14. b3 g6 15. Bb2 Ne7 16. Kh1 f5 17. f4 Bxd5 18. Nxd5 Nxd5 19. cxd5 fxe4 20. fxg5 exd3 21. Qg4 Qe7 22. Ba3 Rxf1+ 23. Rxf1 e4 24. Qg3 e3 25. Bxd6 e2 26. Rg1 Qe4 27. Qh3 e1Q 28. Qxd7 Qxg1+ 0-1

[Event "Chervonograd IM-B"]
[Site "Chervonograd"]
[Date "2008.11.10"]
[Round "15"]
[White "Stetsko, Lanita"]
[Black "Kochetkov, German"]
[Result "1/2-1/2"]
[WhiteElo "2042"]
[BlackElo "2374"]
[PlyCount "71"]
[EventDate "2008.11.01"]
[EventType "tourn"]
[EventRounds "15"]
[EventCountry "UKR"]
[EventCategory "3"]
[SourceTitle "EXT 2009"]
[Source "ChessBase"]
[SourceDate "2008.11.26"]
[SourceVersion "1"]
[SourceVersionDate "2008.11.26"]
[SourceQuality "1"]

1. e4 c5 2. Nf3 Nc6 3. d4 cxd4 4. Nxd4 e5 5. Nb5 d6 6. c4 Be7 7. N1c3 a6 8. Na3 Be6 9. Be2 Nf6 10. 0-0 Nd4 11. Nc2 Nxe2+ 12. Qxe2 Rc8 13. Ne3 0-0 14. Ned5 Nxd5 15. Nxd5 Bxd5 16. exd5 Qc7 17. b3 f5 18. Bd2 Bf6 19. Rac1 e4 20. b4 Be5 21. Kh1 Qd7 22. Bc3 Rce8 23. Bxe5 Rxe5 24. Rfe1 f4 25. f3 e3 26. Qd3 Rff5 27. Qd4 Qe7 28. Re2 h6 29. h3 Qd7 30. a3 b5 31. Qb6 Rh5 32. Qc6 Rxh3+ 33. Kg1 Reh5 34. gxh3 Qxh3 35. Qe8+ Kh7 36. Qe4+ 1/2-1/2

[Event "Minsk op"]
[Site "Minsk"]
[Date "2008.07.17"]
[Round "8"]
[White "Novikov, Stanislav"]
[Black "Kochetkov, German"]
[Result "1/2-1/2"]
[WhiteElo "2564"]
[BlackElo "2386"]
[PlyCount "44"]
[EventDate "2008.07.10"]
[EventType "swiss"]
[EventRounds "9"]
[EventCountry "BLR"]
[SourceTitle "CBM 125 Extra"]
[Source "ChessBase"]
[SourceDate "2008.09.01"]
[SourceVersion "1"]
[SourceVersionDate "2008.09.01"]
[SourceQuality "1"]

1. e4 c5 2. Nf3 d6 3. d4 cxd4 4. Nxd4 Nf6 5. Nc3 g6 6. Be3 Bg7 7. Be2 0-0 8. h4 Nc6 9. h5 Nxd4 10. Bxd4 e5 11. Be3 Be6 12. hxg6 hxg6 13. Qd2 d5 14. exd5 Nxd5 15. Bg5 f6 16. 0-0-0 Nxc3 17. Qxc3 Qe7 18. Bh6 Rac8 19. Qe3 Qc5 20. Qxc5 Rxc5 21. Rd6 Bf5 22. c3 b5 1/2-1/2

[Event "Minsk op"]
[Site "Minsk"]
[Date "2008.07.12"]
[Round "3"]
[White "Teterev, Vitaly"]
[Black "Kochetkov, German"]
[Result "1-0"]
[WhiteElo "2506"]
[BlackElo "2386"]
[PlyCount "61"]
[EventDate "2008.07.10"]
[EventType "swiss"]
[EventRounds "9"]
[EventCountry "BLR"]
[SourceTitle "CBM 125 Extra"]
[Source "ChessBase"]
[SourceDate "2008.09.01"]
[SourceVersion "1"]
[SourceVersionDate "2008.09.01"]
[SourceQuality "1"]

1. e4 c5 2. Nf3 d6 3. Bc4 Nf6 4. Qe2 Nc6 5. c3 Bg4 6. h3 Bxf3 7. Qxf3 g6 8. 0-0 Bg7 9. Bb3 0-0 10. Qe2 Rb8 11. d3 b5 12. Be3 Nd7 13. Nd2 a5 14. a4 b4 15. Rfc1 e6 16. Rab1 Qe7 17. Nf3 Rb6 18. d4 Rfb8 19. Qd1 bxc3 20. bxc3 Nf6 21. Bc2 cxd4 22. Rxb6 Rxb6 23. Nxd4 Nxd4 24. cxd4 Rb4 25. Bd3 Qb7 26. Bb5 h6 27. Bc6 Qb8 28. Qd3 Nh7 29. Qe2 Nf8 30. Rc4 Rxc4 31. Qxc4 1-0

[Event "Nabokov Memorial 6th"]
[Site "Kiev"]
[Date "2008.04.13"]
[Round "11"]
[White "Kochetkov, German"]
[Black "Shishkin, Vadim"]
[Result "0-1"]
[WhiteElo "2386"]
[BlackElo "2510"]
[PlyCount "82"]
[EventDate "2008.04.04"]
[EventType "tourn"]
[EventRounds "11"]
[EventCountry "UKR"]
[EventCategory "7"]
[SourceTitle "CBM 123 Extra"]
[Source "ChessBase"]
[SourceDate "2008.05.06"]
[SourceVersion "1"]
[SourceVersionDate "2008.05.06"]
[SourceQuality "1"]

1. e4 c5 2. Nf3 Nc6 3. Bb5 g6 4. Bxc6 bxc6 5. 0-0 Bg7 6. Re1 d6 7. h3 Qc7 8. c3 f5 9. exf5 Bxf5 10. d4 cxd4 11. Nxd4 e5 12. f4 Ne7 13. fxe5 Bxe5 14. Bg5 0-0 15. Bxe7 Qxe7 16. Nxc6 Qf6 17. Nxe5 dxe5 18. Qd5+ Be6 19. Qxe5 Qf2+ 20. Kh1 Rae8 21. Qe2 Qxe2 22. Rxe2 Rf1+ 23. Kh2 Kf7 24. g4 Bd5 25. Rxe8 Kxe8 26. a4 Be4 27. Nd2 Rxa1 28. Nxe4 Ra2 29. Kg3 Rxb2 30. Kf4 Rh2 31. Ke5 Rxh3 32. g5 Ke7 33. a5 Rf3 34. a6 Rf5+ 35. Kd4 Ke6 36. c4 Rf4 37. Ke3 Ke5 38. Nd6 Rg4 39. Kf3 Rd4 40. Nb5 Rxc4 41. Nxa7 Ra4 0-1

[Event "Nabokov Memorial 6th"]
[Site "Kiev"]
[Date "2008.04.12"]
[Round "10"]
[White "Nyzhnyk, Illya"]
[Black "Kochetkov, German"]
[Result "1-0"]
[WhiteElo "2397"]
[BlackElo "2386"]
[PlyCount "129"]
[EventDate "2008.04.04"]
[EventType "tourn"]
[EventRounds "11"]
[EventCountry "UKR"]
[EventCategory "7"]
[SourceTitle "CBM 123 Extra"]
[Source "ChessBase"]
[SourceDate "2008.05.06"]
[SourceVersion "1"]
[SourceVersionDate "2008.05.06"]
[SourceQuality "1"]

1. e4 c5 2. Nf3 Nc6 3. d4 cxd4 4. Nxd4 e5 5. Nb5 d6 6. a4 Be7 7. N1c3 a6 8. Na3 Be6 9. Bc4 Nf6 10. Bg5 0-0 11. Bxf6 Bxf6 12. 0-0 Rc8 13. Nd5 Bg5 14. Qd3 Kh8 15. c3 f5 16. Ne3 fxe4 17. Qxe4 Rf4 18. Qd3 Rxc4 19. Naxc4 d5 20. Nd2 Qg8 21. Rfe1 Rf8 22. Qe2 Qf7 23. Nf3 Bf4 24. Rad1 g5 25. Nd2 Rg8 26. Nef1 g4 27. b4 e4 28. Ng3 Ne5 29. Ndxe4 dxe4 30. Qxe4 Bb3 31. Nf5 Bxd1 32. Qxf4 Nc6 33. Rxd1 Rf8 34. b5 axb5 35. axb5 Qxf5 36. Qxf5 Rxf5 37. bxc6 bxc6 38. Rd4 h5 39. g3 Kg7 40. Kg2 Rc5 41. c4 Kf6 42. h3 Kg5 43. f3 gxf3+ 44. Kxf3 Ra5 45. Ke4 Ra4 46. Ke5 c5 47. h4+ Kg6 48. Rf4 Ra3 49. Rf6+ Kg7 50. Rf5 Kh6 51. Rg5 Rd3 52. Ke6 Rd4 53. Rxc5 Rg4 54. Kd5 Rxg3 55. Rc6+ Kg7 56. Re6 Rd3+ 57. Kc5 Rh3 58. Re4 Kf6 59. Kd5 Kf5 60. c5 Ra3 61. Rd4 Ra8 62. c6 Rd8+ 63. Kc5 Rc8 64. Kb6 Rb8+ 65. Ka7 1-0

[Event "Nabokov Memorial 6th"]
[Site "Kiev"]
[Date "2008.04.09"]
[Round "7"]
[White "Kochetkov, German"]
[Black "Moliboga, Vladimir"]
[Result "1-0"]
[WhiteElo "2386"]
[BlackElo "2271"]
[PlyCount "73"]
[EventDate "2008.04.04"]
[EventType "tourn"]
[EventRounds "11"]
[EventCountry "UKR"]
[EventCategory "7"]
[SourceTitle "CBM 123 Extra"]
[Source "ChessBase"]
[SourceDate "2008.05.06"]
[SourceVersion "1"]
[SourceVersionDate "2008.05.06"]
[SourceQuality "1"]

1. e4 e5 2. Nc3 Nf6 3. Nf3 Bb4 4. Nxe5 0-0 5. Be2 Re8 6. Nd3 Bxc3 7. dxc3 Nxe4 8. 0-0 b6 9. Bf3 Bb7 10. Re1 d6 11. c4 Nd7 12. b3 Qh4 13. g3 Qd8 14. Bb2 f5 15. Bg2 a5 16. Qh5 Rf8 17. Nf4 Ndc5 18. f3 Ng5 19. Re3 Nf7 20. Rae1 Ne5 21. Nh3 g6 22. Qh6 Qd7 23. Ng5 Rae8 24. f4 Bxg2 25. fxe5 Be4 26. exd6 cxd6 27. g4 Re7 28. a3 d5 29. cxd5 b5 30. b4 axb4 31. axb4 Nb7 32. gxf5 Qxf5 33. Nxe4 Nd6 34. Nxd6 Qxc2 35. Qxf8+ Kxf8 36. Rxe7 Qxb2 37. Rf7+ 1-0

[Event "Tula Kotov Memorial"]
[Site "Tula"]
[Date "2008.01.09"]
[Round "8"]
[White "Kochetkov, German"]
[Black "Vlassov, Nikolai"]
[Result "1/2-1/2"]
[WhiteElo "2386"]
[BlackElo "2471"]
[PlyCount "26"]
[EventDate "2008.01.02"]
[EventType "tourn"]
[EventRounds "9"]
[EventCountry "RUS"]
[EventCategory "9"]
[SourceTitle "CBM 122 Extra"]
[Source "ChessBase"]
[SourceDate "2008.03.04"]
[SourceVersion "1"]
[SourceVersionDate "2008.03.04"]
[SourceQuality "1"]

1. e4 e5 2. Nf3 Nf6 3. Nxe5 d6 4. Nf3 Nxe4 5. d4 Be7 6. Bd3 d5 7. c4 Nc6 8. 0-0 0-0 9. Nc3 Nxc3 10. bxc3 dxc4 11. Bxc4 Bg4 12. Re1 Bd6 13. h3 Bf5 1/2-1/2

[Event "Tula Kotov Memorial"]
[Site "Tula"]
[Date "2008.01.05"]
[Round "4"]
[White "Kochetkov, German"]
[Black "Yagupov, Igor"]
[Result "0-1"]
[WhiteElo "2386"]
[BlackElo "2491"]
[PlyCount "102"]
[EventDate "2008.01.02"]
[EventType "tourn"]
[EventRounds "9"]
[EventCountry "RUS"]
[EventCategory "9"]
[SourceTitle "CBM 122 Extra"]
[Source "ChessBase"]
[SourceDate "2008.03.04"]
[SourceVersion "1"]
[SourceVersionDate "2008.03.04"]
[SourceQuality "1"]

1. Nf3 d5 2. c4 c6 3. e3 Nf6 4. b3 Bg4 5. Bb2 e6 6. Be2 Nbd7 7. 0-0 Bd6 8. d3 0-0 9. Nbd2 e5 10. cxd5 cxd5 11. e4 Bxf3 12. Bxf3 d4 13. Nc4 Bc5 14. a3 b5 15. Nd2 a5 16. g3 Qe7 17. Bg2 Rfc8 18. Bh3 Rc6 19. Qb1 Rac8 20. Rc1 Bd6 21. Rxc6 Rxc6 22. a4 bxa4 23. Rxa4 Nb6 24. Ra2 Bb4 25. Nc4 Nxc4 26. bxc4 g6 27. Qc1 Ne8 28. Ba3 Nc7 29. Bxb4 axb4 30. Ra7 Qc5 31. Qa1 b3 32. Ra4 Rb6 33. Qb2 Qd6 34. Bg4 h5 35. Bd1 Ne6 36. Bxb3 Nc5 37. Ra3 Nxd3 38. Qa2 Nc5 39. Ra8+ Kg7 40. Bd1 d3 41. Qa1 Nxe4 42. Re8 Qc5 43. Qxe5+ Qxe5 44. Rxe5 Nc3 45. Bf3 d2 46. Kg2 Rf6 47. Be2 d1Q 48. Bxd1 Nxd1 49. Re2 Nc3 50. Rc2 Ne4 51. f3 Nc5 0-1

[Event "Tula Kotov Memorial"]
[Site "Tula"]
[Date "2008.01.04"]
[Round "3"]
[White "Selin, Oleg"]
[Black "Kochetkov, German"]
[Result "0-1"]
[WhiteElo "2389"]
[BlackElo "2386"]
[PlyCount "69"]
[EventDate "2008.01.02"]
[EventType "tourn"]
[EventRounds "9"]
[EventCountry "RUS"]
[EventCategory "9"]
[SourceTitle "CBM 122 Extra"]
[Source "ChessBase"]
[SourceDate "2008.03.04"]
[SourceVersion "1"]
[SourceVersionDate "2008.03.04"]
[SourceQuality "1"]

1. d4 Nf6 2. c4 c5 3. d5 b5 4. cxb5 a6 5. b6 Qxb6 6. Nc3 d6 7. Nf3 g6 8. Nd2 Bg7 9. Nc4 Qb7 10. e4 0-0 11. Be2 Nbd7 12. 0-0 Nb6 13. Ne3 Bd7 14. a4 Rfb8 15. f4 Ne8 16. f5 Bd4 17. Kh1 Nf6 18. a5 Nc8 19. Ng4 Nxg4 20. Bxg4 Na7 21. Qf3 Bg7 22. Qh3 Be8 23. Ra3 Nb5 24. Nxb5 Bxb5 25. fxg6 hxg6 26. Rxf7 Kxf7 27. Be6+ Ke8 28. Qh7 Kd8 29. Qxg7 Be8 30. Rf3 Qb4 31. h3 Qxe4 32. Be3 Qb1+ 33. Kh2 Qxb2 34. Qf8 Qe5+ 35. Bf4 0-1